Svatební deník /

Hlavní autor: Janečková, Patricia, 1969-
Jazyk: Čeština
Vydáno: Praha : Grada Publishing, a.s., 2016
Vydání: První vydání
Témata:
Fyzický popis: 176 nečíslovaných stran : barevné ilustrace ; 25 cm
Knihy
Uloženo v:
LEADER 01359nam a2200409 i 4500
001 nkc20162840755
003 CZ PrNK
005 20161130125813.0
007 ta
008 161013s2016 xr a e 000 0 cze
020 |a 978-80-271-0257-0  |q (vázáno) 
040 |a BOA001  |b cze  |d ABA001  |e rda 
072 7 |a 392  |x Zvyky, mravy, obyčeje v soukromém životě  |2 Konspekt  |9 1 
080 |a 392.51  |2 MRF 
080 |a (093.3)  |2 MRF 
080 |a (059.3)  |2 MRF 
100 1 |a Janečková, Patricia,  |d 1969-  |7 mzk2008479772  |4 aut 
245 1 0 |a Svatební deník /  |c Patricia Janečková 
250 |a První vydání 
264 1 |a Praha :  |b Grada Publishing, a.s.,  |c 2016 
300 |a 176 nečíslovaných stran :  |b barevné ilustrace ;  |c 25 cm 
336 |a text  |b txt  |2 rdacontent 
337 |a bez média  |b n  |2 rdamedia 
338 |a svazek  |b nc  |2 rdacarrier 
650 0 7 |a svatba  |7 ph126295  |2 czenas 
650 0 7 |a svatební zvyky  |7 ph137516  |2 czenas 
650 0 9 |a wedding  |2 eczenas 
650 0 9 |a wedding customs  |2 eczenas 
655 7 |a deníky  |7 fd132006  |2 czenas 
655 7 |a zápisníky  |7 fd133889  |2 czenas 
655 9 |a diaries  |2 eczenas 
655 9 |a notebooks  |2 eczenas 
910 2 |a BOA001  |b 2-1374.834 
990 |a BK 
995 |a 11 
991 |b 201611  |c NOV 
996 6 |b 2610687968  |c 2-1374.834  |l MZK  |r Sklad / do 1 hodiny  |n 1  |p p.v.  |w 001587507  |u 000010  |a 1  |e BOA001  |j MZK50  |s P